21st-century facilities (Record no. 68503)

MARC details
000 -LEADER
fixed length control field 01319cab a22002055a 4500
001 - CONTROL NUMBER
control field ABS64611
008 - FIXED-LENGTH DATA ELEMENTS--GENERAL INFORMATION
fixed length control field 011008e20011006xxk f 000 0 eng d
035 ## - SYSTEM CONTROL NUMBER
System control number (Sirsi) u115024
041 0# - LANGUAGE CODE
Language code of text/sound track or separate title eng
100 1# - MAIN ENTRY--PERSONAL NAME
Personal name Close, O.
245 00 - TITLE STATEMENT
Title 21st-century facilities
Remainder of title what are they worth?
260 ## - PUBLICATION, DISTRIBUTION, ETC.
Date of publication, distribution, etc. 2001
490 #0 - SERIES STATEMENT
Series statement Estates Gazette
Volume/sequential designation (0140) 6 October 2001, 154-157(4)
520 ## - SUMMARY, ETC.
Summary, etc. The first of a two-part article on the valuation of self-storage and serviced office property. These property types are diverse in their physical characteristics, but the valuation approach for an operator's interest is similar. Looks at valuations based on trading potential. Presents, and discusses, a spreadsheet-based valuation model based on a typical example commonly used by US firm Cushman and Wakefield. In contrast to the situation in the UK, the self-storage industry in the US is mature, and properties are regularly traded. Thus, the valuation approach presented has been well-tested. Also provides details of sections of the "RICS appraisal and valuation manual", which deal with trading related valuations. Tables.
590 ## - LOCAL NOTE (RLIN)
Local note ABS
650 24 - SUBJECT ADDED ENTRY--TOPICAL TERM
Topical term or geographic name entry element RICS APPRAISAL AND VALUATION MANUAL
651 #4 - SUBJECT ADDED ENTRY--GEOGRAPHIC NAME
Geographic name International
690 ## - LOCAL SUBJECT ADDED ENTRY--TOPICAL TERM (OCLC, RLIN)
Topical term or geographic name as entry element PROPERTY-COMMERCIAL PROPERTY-COMMERCIAL PROPERTY VALUATION AND APPRAISAL
942 ## - ADDED ENTRY ELEMENTS (KOHA)
Suppress in OPAC 0
Holdings
Withdrawn status Lost status Source of classification or shelving scheme Damaged status Not for loan Home library Current library Shelving location Date acquired Total Checkouts Full call number Barcode Date last seen Copy number Price effective from Koha item type
    Dewey Decimal Classification     London London Journal article 08/10/2001   ABS64611 115024-1001 06/08/2019 1 06/08/2019 Journal article